| 000 | 00479nam a2200157 i 4500 | ||
|---|---|---|---|
| 001 | 89280 | ||
| 003 | ES-MaACL | ||
| 005 | 20230906180133.0 | ||
| 007 | t| | ||
| 008 | 050105s1922 fr d |||| | fre d | ||
| 245 | 0 | 0 |
_aLarousse universel en 2 volumes _b: nouveau dictionnaire encyclopédique / _cpublié sous la direction de Claude Augé. |
| 260 |
_aParís : _bLarousse, _c[1922] |
||
| 300 |
_a2 v. ; _c30 cm. |
||
| 700 | 1 |
_aAugé, Claude. _923878 |
|
| 852 |
_aES-MaACL _jB-1802-03 |
||
| 999 |
_c89280 _d89280 |
||